[Event "2nd Sharjah Masters 2018"]
[Site "Sharjah UAE"]
[Date "2018.04.14"]
[Round "3.10"]
[White "Priyanka, Nutakki"]
[Black "Maghsoodloo, Parham"]
[Result "0-1"]
[BlackTitle "GM"]
[WhiteElo "1957"]
[BlackElo "2615"]
[WhiteFideId "25049615"]
[BlackFideId "12539929"]
[EventDate "2018.04.12"]

1. e4 c5 2. Nf3 Nc6 3. d4 cxd4 4. Nxd4 Nf6 5. Nc3 d6 6. f3 e5 7. Nb3 Be7 8. Be3
O-O 9. Qd2 Be6 10. O-O-O a5 11. Bb5 Na7 12. Be2 Nc8 13. Bb5 Na7 14. Be2 b5 15.
Bxa7 Rxa7 16. Nxb5 Ra8 17. Kb1 a4 18. Nc1 Qb6 19. Bd3 d5 20. exd5 Nxd5 21. Rde1
Bf6 22. Ne2 Rab8 23. c4 Ne3 24. Nec3 Nxc4 25. Bxc4 Bxc4 26. Na3 Bd3+ 27. Ka1 Bg5
28. Nxa4 Bxd2 29. Nxb6 Bxe1 30. Nd7 Bb4 0-1

[Event "2nd Sharjah Masters 2018"]
[Site "Sharjah UAE"]
[Date "2018.04.14"]
[Round "3.11"]
[White "Jumabayev, Rinat"]
[Black "Yakubboev, Nodirbek"]
[Result "1/2-1/2"]
[WhiteTitle "GM"]
[BlackTitle "IM"]
[WhiteElo "2612"]
[BlackElo "2482"]
[WhiteFideId "13702661"]
[BlackFideId "14203987"]
[EventDate "2018.04.12"]

1. c4 e6 2. g3 d5 3. Bg2 Nf6 4. Nf3 Be7 5. O-O O-O 6. d4 Nbd7 7. Qc2 c6 8. Nbd2
b6 9. e4 Nxe4 10. Nxe4 dxe4 11. Qxe4 Ba6 12. Qc2 Qc7 13. Rd1 Rad8 14. Bf4 Qc8
15. c5 bxc5 16. dxc5 Nf6 17. Bd6 Bxd6 18. cxd6 Nd5 19. Ng5 f5 20. Qc5 Rf6 21.
Rac1 h6 22. Nf3 Be2 23. Rxd5 exd5 24. Nd4 Qa6 25. Re1 Bd3 26. Ne6 Rd7 27. Qe3 f4
28. gxf4 Bf5 29. Nc5 Qc8 30. Nxd7 Qxd7 31. Qe8+ Kh7 32. Qxd7 Bxd7 33. Kf1 Rxd6
34. Re3 Bf5 35. Ke1 Rg6 36. Rg3 Rg4 37. Rxg4 Bxg4 38. Kd2 Kg6 39. b4 Kf5 40. Ke3
Ke6 41. Kd4 Kd6 42. a3 Be2 43. Bh3 a5 44. Bf5 axb4 45. axb4 1/2-1/2

[Event "2nd Sharjah Masters 2018"]
[Site "Sharjah UAE"]
[Date "2018.04.14"]
[Round "3.12"]
[White "Petrosian, Tigran L."]
[Black "Darini, Pouria"]
[Result "1-0"]
[WhiteTitle "GM"]
[BlackTitle "GM"]
[WhiteElo "2609"]
[BlackElo "2478"]
[WhiteFideId "13301616"]
[BlackFideId "12502200"]
[EventDate "2018.04.12"]

1. Nf3 Nf6 2. g3 g6 3. Bg2 Bg7 4. O-O O-O 5. d4 d5 6. c4 dxc4 7. Na3 c3 8. bxc3
c5 9. Re1 Nc6 10. Bb2 Qb6 11. Nc4 Qa6 12. Nce5 Bf5 13. Nxc6 bxc6 14. Qc1 Be4 15.
Ba3 Nd7 16. Bh3 Bf5 17. Bxf5 gxf5 18. e4 Rfe8 19. exf5 Qd3 20. Ne5 Bxe5 21. dxe5
Qxf5 22. Qe3 Rab8 23. Rad1 Rb5 24. e6 Nf6 25. c4 Ra5 26. exf7+ Kxf7 27. Re2 Ra4
28. Qb3 Ra6 29. Rde1 Rb6 30. Qd1 Rb7 31. Re5 Qh3 32. Bxc5 Qg4 33. Qc2 Rd7 34.
Kg2 e6 35. h3 Qg6 36. Qe2 Rdd8 37. Rxe6 Qf5 38. Be7 1-0

[Event "2nd Sharjah Masters 2018"]
[Site "Sharjah UAE"]
[Date "2018.04.14"]
[Round "3.13"]
[White "Amin, Bassem"]
[Black "Mareco, Sandro"]
[Result "1-0"]
[WhiteTitle "GM"]
[BlackTitle "GM"]
[WhiteElo "2700"]
[BlackElo "2645"]
[WhiteFideId "10601457"]
[BlackFideId "112275"]
[EventDate "2018.04.12"]

1. e4 c5 2. Nf3 e6 3. d3 d5 4. Qe2 Nf6 5. g3 Be7 6. Bg2 O-O 7. O-O Nc6 8. e5 Nd7
9. c4 b5 10. Na3 bxc4 11. dxc4 Ba6 12. Rd1 Qa5 13. Bd2 Nb4 14. Qe1 Rfe8 15. cxd5
exd5 16. Bxb4 cxb4 17. Nc2 Rac8 18. e6 Nb6 19. exf7+ Kxf7 20. Bh3 Bd6 21. Be6+
Kf6 22. Ncd4 Rc7 23. Qe3 h6 24. Nh4 1-0

[Event "2nd Sharjah Masters 2018"]
[Site "Sharjah UAE"]
[Date "2018.04.14"]
[Round "3.14"]
[White "Assaubayeva, Bibisara"]
[Black "Eljanov, Pavel"]
[Result "0-1"]
[WhiteTitle "FM"]
[BlackTitle "GM"]
[WhiteElo "2359"]
[BlackElo "2700"]
[WhiteFideId "13708694"]
[BlackFideId "14102951"]
[EventDate "2018.04.12"]

1. d4 Nf6 2. c4 e6 3. Nf3 Bb4+ 4. Nbd2 O-O 5. a3 Be7 6. e4 d6 7. Be2 Nfd7 8. Nb1
e5 9. Nc3 exd4 10. Nxd4 Nc6 11. Be3 Bf6 12. O-O Nc5 13. Rb1 Re8 14. f3 Be5 15.
Bf2 Nxd4 16. Bxd4 Qf6 17. Bxe5 dxe5 18. Nd5 Qd8 19. b4 Ne6 20. c5 Nd4 21. Bc4 c6
22. Ne3 b5 23. cxb6 axb6 24. a4 Be6 25. Bxe6 Rxe6 26. Nc4 b5 27. axb5 cxb5 28.
Na5 h5 29. Kh1 h4 30. Qd2 h3 31. g3 Qe7 32. Qc3 Rd8 33. Rbd1 Red6 34. Rd2 Ne6
35. Rfd1 Rxd2 36. Rxd2 Rxd2 37. Qxd2 Nd4 38. f4 Qc7 39. Qb2 g6 40. Kg1 Nf3+ 41.
Kf1 Nxh2+ 0-1

[Event "2nd Sharjah Masters 2018"]
[Site "Sharjah UAE"]
[Date "2018.04.14"]
[Round "3.15"]
[White "Inarkiev, Ernesto"]
[Black "Adly, Ahmed"]
[Result "1-0"]
[WhiteTitle "GM"]
[BlackTitle "GM"]
[WhiteElo "2680"]
[BlackElo "2626"]
[WhiteFideId "4162722"]
[BlackFideId "10601619"]
[EventDate "2018.04.12"]

1. e4 c5 2. Nf3 d6 3. d4 cxd4 4. Nxd4 Nf6 5. Nc3 a6 6. f3 e5 7. Nb3 Be6 8. Be3
d5 9. exd5 Nxd5 10. Nxd5 Bxd5 11. Qd2 Be6 12. Qxd8+ Kxd8 13. Nc5 Bxc5 14. Bxc5
Kc7 15. O-O-O Nc6 16. Bd6+ Kb6 17. c4 Rac8 18. b3 Rhd8 19. Kb2 h5 20. c5+ Ka7
21. Bd3 g5 22. h4 g4 23. f4 exf4 24. Bxf4 Ne7 25. g3 Nf5 26. b4 Rd7 27. Bc2 Rcd8
28. Rxd7 Rxd7 29. Rd1 Rxd1 30. Bxd1 b6 31. cxb6+ Kxb6 32. a3 a5 33. Kc3 axb4+
34. Kxb4 Ne7 35. Be3+ Kc6 36. Kc3 Nf5 37. Bf4 Kc5 38. Kd3 Bd5 39. Ba4 Ng7 40.
Be5 Nf5 41. Bd7 Ne7 42. Ke3 Ng6 43. Bg7 Kd6 44. Bf5 Kc5 45. Bd3 Bb3 46. Ke4 Be6
47. Bf6 Bd7 48. Bb1 Be6 49. Bc2 Kc4 50. Ba4 Kc5 51. Be8 Kc4 52. a4 Kb4 53. Bd8
f5+ 54. Kd4 f4 55. Bxg6 f3 56. Ke3 1-0

[Event "2nd Sharjah Masters 2018"]
[Site "Sharjah UAE"]
[Date "2018.04.14"]
[Round "3.16"]
[White "Jones, Gawain C B"]
[Black "Viani, Antonio Dcunha"]
[Result "1-0"]
[WhiteTitle "GM"]
[BlackTitle "IM"]
[WhiteElo "2675"]
[BlackElo "2435"]
[WhiteFideId "409561"]
[BlackFideId "5027330"]
[EventDate "2018.04.12"]

1. d4 Nf6 2. c4 g6 3. Nc3 Bg7 4. e4 d6 5. h3 O-O 6. Be3 c5 7. Nf3 cxd4 8. Nxd4
b6 9. Qd2 Bb7 10. f3 Nbd7 11. Bh6 Bxh6 12. Qxh6 e6 13. O-O-O d5 14. cxd5 exd5
15. exd5 Rc8 16. Nc6 Bxc6 17. dxc6 Rxc6 18. Bb5 Rc7 19. Qf4 Qc8 20. Kb1 Kg7 21.
Rd6 a6 22. Bxd7 Nxd7 23. Rhd1 f6 24. Nd5 Rb7 25. g4 Qc5 26. Rc1 Qf2 27. Nc7 Nc5
28. Rd2 Qh4 29. Re2 Rf7 30. Ne8+ Kg8 31. Nd6 Rbe7 32. Qc4 b5 33. Qd5 Qg5 34.
Qxg5 fxg5 35. Rxe7 1-0

[Event "2nd Sharjah Masters 2018"]
[Site "Sharjah UAE"]
[Date "2018.04.14"]
[Round "3.17"]
[White "Adhiban, Baskaran"]
[Black "Sindarov, Javokhir"]
[Result "1-0"]
[WhiteTitle "GM"]
[BlackTitle "IM"]
[WhiteElo "2661"]
[BlackElo "2431"]
[WhiteFideId "5018471"]
[BlackFideId "14205483"]
[EventDate "2018.04.12"]

1. e4 e5 2. Nf3 Nc6 3. Bb5 a6 4. Ba4 d6 5. O-O Bd7 6. d4 exd4 7. Nxd4 b5 8. Nxc6
Bxc6 9. Bb3 Nf6 10. Nc3 Be7 11. f3 O-O 12. Be3 Re8 13. Qd2 Nd7 14. Nd5 Bf8 15.
Rad1 Nc5 16. Qc3 Qc8 17. a3 Bd7 18. Qa5 c6 19. Nb6 Nxb3 20. Qc3 Qb7 21. Nxa8 Nc5
22. Nb6 Be6 23. e5 Qxb6 24. exd6 Bc4 25. Rfe1 g6 26. b4 Bg7 27. Bxc5 1-0

[Event "2nd Sharjah Masters 2018"]
[Site "Sharjah UAE"]
[Date "2018.04.14"]
[Round "3.18"]
[White "Grandelius, Nils"]
[Black "Rajdeep, Sarkar"]
[Result "1-0"]
[WhiteTitle "GM"]
[BlackTitle "FM"]
[WhiteElo "2652"]
[BlackElo "2393"]
[WhiteFideId "1710400"]
[BlackFideId "25007963"]
[EventDate "2018.04.12"]

1. c4 e6 2. g3 d5 3. Bg2 Nf6 4. Nf3 Be7 5. d4 O-O 6. Qc2 c6 7. O-O b6 8. b3 Bb7
9. Rd1 a5 10. Nc3 Na6 11. a3 Rc8 12. e4 c5 13. exd5 exd5 14. dxc5 Nxc5 15. Nh4
a4 16. bxa4 d4 17. Bxb7 Nxb7 18. Nb5 Nd7 19. Nf5 Bf6 20. Nfxd4 Ne5 21. Bf4 Nxc4
22. Rac1 Nba5 23. Ne6 fxe6 24. Rxd8 Rfxd8 25. Rd1 e5 26. Rxd8+ Rxd8 27. Be3 Be7
28. Qf5 Nxe3 29. fxe3 Bc5 30. Qxe5 Kh8 31. Qe6 h6 32. Kg2 Nb7 33. Kh3 Nd6 34.
Qe7 1-0

[Event "2nd Sharjah Masters 2018"]
[Site "Sharjah UAE"]
[Date "2018.04.14"]
[Round "3.19"]
[White "Tahbaz, Arash"]
[Black "Rakhmanov, Aleksandr"]
[Result "0-1"]
[WhiteTitle "IM"]
[BlackTitle "GM"]
[WhiteElo "2434"]
[BlackElo "2652"]
[WhiteFideId "12528846"]
[BlackFideId "4173708"]
[EventDate "2018.04.12"]

1. d4 d5 2. c4 e6 3. Nc3 c6 4. Nf3 Bb4 5. Qb3 Ba5 6. Bg5 Nf6 7. e3 a6 8. cxd5
exd5 9. Bd3 Nbd7 10. O-O h6 11. Bh4 O-O 12. Ne5 Qb6 13. Qxb6 Nxb6 14. a3 Bxc3
15. bxc3 Ne4 16. Rab1 Na4 17. c4 Nd2 18. c5 Re8 19. Bg3 Nxb1 20. Rxb1 f6 21. Nf3
Nc3 22. Rb3 Ne4 23. Bxe4 Rxe4 24. Ne5 a5 25. f3 a4 26. Rd3 fxe5 27. fxe4 dxe4
28. Rd2 Ra5 29. Rb2 exd4 30. exd4 Kf7 31. Kf2 Ke6 32. Ke3 Kd5 33. Bc7 Rb5 34.
Rxb5 cxb5 35. Ba5 g5 36. Be1 Bg4 37. Ba5 Bd1 38. Be1 Bc2 39. Ba5 Bd3 40. Bb4 Bf1
41. g3 Bh3 42. Bd2 Bd7 43. Be1 Bc6 44. Bc3 Ke6 45. Bb4 Kf5 46. Bd2 Kg4 47. Kf2
Kh3 48. Kg1 Bd5 49. Ba5 e3 50. Bb4 Kg4 51. Ba5 Kf3 52. Bb4 Ke4 53. Kf1 Kxd4 54.
Kg1 Ke4 55. Kf1 Kf3 56. Kg1 Ke2 57. Ba5 h5 58. Bb4 h4 59. gxh4 gxh4 60. Ba5 h3
61. Bb4 Kd1 62. Ba5 Bg2 63. Bd8 b4 0-1

[Event "2nd Sharjah Masters 2018"]
[Site "Sharjah UAE"]
[Date "2018.04.14"]
[Round "3.20"]
[White "Haddouche, Mohamed"]
[Black "Sidhant, Mohapatra"]
[Result "1/2-1/2"]
[WhiteTitle "GM"]
[BlackTitle "IM"]
[WhiteElo "2506"]
[BlackElo "2382"]
[WhiteFideId "7900660"]
[BlackFideId "5028698"]
[EventDate "2018.04.12"]

1. e4 c5 2. Nf3 d6 3. d4 cxd4 4. Nxd4 Nf6 5. Nc3 a6 6. Be2 e5 7. Nb3 Be7 8. O-O
O-O 9. Kh1 b6 10. Be3 Bb7 11. f3 b5 12. a4 b4 13. Nd5 Nxd5 14. exd5 Nd7 15. c3
Nf6 16. cxb4 Nxd5 17. Bd2 Qb6 18. Na5 Nxb4 19. Nc4 Qc5 20. Qb3 d5 21. Nxe5 Qd4
22. Bc3 Qe3 23. Rae1 a5 24. Bb5 Qh6 25. Ng4 Qd6 26. Qd1 Bd8 27. Ne3 Bf6 28. Nf5
Qd8 29. Qd2 Bc8 30. Nd4 Qd6 31. Nb3 Ba6 32. Nd4 Bc8 33. Rd1 Na2 34. Ne2 Nxc3 35.
Nxc3 Qb4 36. Nxd5 Qxb2 37. Nxf6+ Qxf6 1/2-1/2

[Event "2nd Sharjah Masters 2018"]
[Site "Sharjah UAE"]
[Date "2018.04.14"]
[Round "3.21"]
[White "Ma, Lin"]
[Black "Gagare, Shardul"]
[Result "1/2-1/2"]
[BlackTitle "GM"]
[WhiteElo "2156"]
[BlackElo "2502"]
[WhiteFideId "8610533"]
[BlackFideId "5037883"]
[EventDate "2018.04.12"]

1. e4 e5 2. Nf3 Nc6 3. d4 exd4 4. Nxd4 Nf6 5. Nc3 Bb4 6. Nxc6 bxc6 7. Bd3 O-O 8.
O-O d5 9. exd5 cxd5 10. Bg5 c6 11. Qf3 h6 12. Bxf6 Qxf6 13. Qxf6 gxf6 14. Ne2
Re8 15. Ng3 Rb8 16. b3 Be6 17. Nf5 Bxf5 18. Bxf5 Re5 19. Bd3 Bc3 20. Rad1 a5 21.
f4 Re3 22. Bf5 Rb7 23. Rd3 Rbe7 24. Rxe3 Rxe3 25. Rf3 Rxf3 26. gxf3 Bd2 27. Bd7
c5 28. Bc6 d4 29. f5 Kf8 30. Bd5 Ke7 1/2-1/2

[Event "2nd Sharjah Masters 2018"]
[Site "Sharjah UAE"]
[Date "2018.04.14"]
[Round "3.22"]
[White "Sultan, Ibrahim"]
[Black "Grivas, Efstratios"]
[Result "1-0"]
[WhiteTitle "IM"]
[BlackTitle "GM"]
[WhiteElo "2141"]
[BlackElo "2468"]
[WhiteFideId "9301143"]
[BlackFideId "4200039"]
[EventDate "2018.04.12"]

1. d4 f5 2. Nc3 d5 3. Bg5 Nf6 4. Bxf6 exf6 5. e3 Be6 6. Bd3 Qd7 7. Nge2 Nc6 8.
a3 Ne7 9. Bb5 c6 10. Bd3 Nc8 11. f3 Nd6 12. e4 fxe4 13. fxe4 dxe4 14. Nxe4 Nxe4
15. Bxe4 Bd6 16. Qd2 O-O-O 17. O-O-O Qc7 18. h3 f5 19. Bd3 g6 20. Rhe1 Rhe8 21.
Kb1 Bd5 22. g4 fxg4 23. hxg4 Bf3 24. g5 c5 25. Rf1 Bg4 26. Bb5 Re7 27. Rde1 Qb6
28. Bc4 Be5 29. c3 cxd4 30. Nxd4 Qc7 31. Bb3 Kb8 32. Qg2 Bc8 33. Re4 Bxd4 34.
Rxd4 Rxd4 35. cxd4 Qd6 36. d5 Re3 37. Ka2 Bf5 38. Qd2 Rd3 39. Qe2 Qb6 40. Qe8+
Bc8 41. Qe5+ Qc7 42. Qe4 Rd2 43. Qe3 Qh2 44. Qc3 Bf5 45. Qh8+ Kc7 46. Rc1+ Kd6
47. Qb8+ Ke7 48. Qxb7+ Bd7 49. Ba4 1-0

[Event "2nd Sharjah Masters 2018"]
[Site "Sharjah UAE"]
[Date "2018.04.14"]
[Round "3.23"]
[White "Iniyan, P"]
[Black "Nikhil, Magizhnan"]
[Result "1-0"]
[WhiteTitle "IM"]
[BlackTitle "CM"]
[WhiteElo "2466"]
[BlackElo "2105"]
[WhiteFideId "25002767"]
[BlackFideId "35075497"]
[EventDate "2018.04.12"]

1. Nf3 Nf6 2. g3 g6 3. b3 Bg7 4. Bb2 O-O 5. Bg2 d6 6. O-O e5 7. d3 Nc6 8. c4 Re8
9. Nfd2 Be6 10. Nc3 Nd7 11. Nd5 Rb8 12. a3 Ne7 13. b4 c6 14. Nc3 d5 15. Rc1 Rc8
16. e3 Nb6 17. cxd5 cxd5 18. Nb3 d4 19. exd4 exd4 20. Ne4 Rxc1 21. Bxc1 Bd5 22.
Nec5 Qa8 23. Bb2 Nf5 24. Be4 Qc8 25. Re1 h5 26. a4 Bxe4 27. dxe4 Nh6 28. Qd3 Nd7
29. Bxd4 Bxd4 30. Nxd7 Qxd7 31. Qxd4 Qxd4 32. Nxd4 Rc8 33. Nb5 Rc4 34. Rb1 a5
35. bxa5 Rxa4 36. Nd6 Rxa5 37. Rxb7 Ra1+ 38. Kg2 Ra6 39. Rd7 Ng4 40. h3 Ne5 41.
Rd8+ Kg7 42. Ne8+ Kh7 43. Rd5 Nc4 44. Kf3 Re6 45. Nc7 Rd6 46. Nb5 Re6 47. Rd4
Ne5+ 48. Kf4 g5+ 49. Ke3 Ng6 50. Rd5 Kh6 51. Nd6 Ne7 52. Nxf7+ Kg7 53. Rxg5+
Kxf7 54. Rxh5 Ra6 55. Rh7+ Kf8 56. h4 Re6 57. Rh5 Ra6 58. Rh8+ Kg7 59. Rd8 Ng6
60. h5 Ne5 61. Kf4 Nf7 62. Rd5 Rf6+ 63. Rf5 Re6 64. g4 Nd6 65. Re5 Rf6+ 66. Kg3
Nc4 67. Rd5 Re6 68. f3 Nd6 69. g5 Nf7 70. Kf4 Re7 71. Kf5 Ra7 72. e5 Ra6 73. f4
Kf8 74. g6 Nh6+ 75. Kg5 Ng8 76. f5 Ra1 77. Rd8+ Kg7 78. h6+ Kh8 79. h7 Rg1+ 80.
Kf4 Rf1+ 81. Ke3 Re1+ 82. Kd2 1-0

[Event "2nd Sharjah Masters 2018"]
[Site "Sharjah UAE"]
[Date "2018.04.14"]
[Round "3.24"]
[White "Maroroa, Sue"]
[Black "Chakravarthi Reddy, M"]
[Result "0-1"]
[WhiteTitle "WIM"]
[BlackTitle "IM"]
[WhiteElo "2102"]
[BlackElo "2442"]
[WhiteFideId "4301498"]
[BlackFideId "25009532"]
[EventDate "2018.04.12"]

1. e4 e6 2. d4 d5 3. Nd2 Nf6 4. e5 Nfd7 5. Bd3 c5 6. c3 Nc6 7. Ngf3 g6 8. h4 h6
9. Qe2 Qb6 10. Qe3 Bg7 11. O-O O-O 12. a3 cxd4 13. cxd4 f6 14. exf6 Nxf6 15. Ne5
Nxe5 16. dxe5 Qxe3 17. fxe3 Ng4 18. Rxf8+ Kxf8 19. Bxg6 Nxe5 20. Bh7 Bf6 21. Nf3
Nxf3+ 22. gxf3 Bxh4 23. Bd2 Kg7 24. Bd3 Bd7 25. Kg2 Bf6 26. Kf2 Kf7 27. Rh1 Rh8
28. b4 h5 29. Rc1 Rc8 30. Rh1 h4 31. e4 Rg8 32. Be3 d4 33. Bd2 e5 34. Bf1 Rc8
35. Bd3 h3 36. Ke1 Bh4+ 37. Kd1 Bg3 38. Be1 Bxe1 39. Rxe1 Rc3 0-1

[Event "2nd Sharjah Masters 2018"]
[Site "Sharjah UAE"]
[Date "2018.04.14"]
[Round "3.25"]
[White "Sundararajan, Kidambi"]
[Black "Al-Zaabi, Sultan"]
[Result "1/2-1/2"]
[WhiteTitle "GM"]
[BlackTitle "CM"]
[WhiteElo "2436"]
[BlackElo "2061"]
[WhiteFideId "5005370"]
[BlackFideId "9307583"]
[EventDate "2018.04.12"]

1. c4 e6 2. Nc3 d5 3. d4 Be7 4. Nf3 Nf6 5. Bg5 O-O 6. e3 Nbd7 7. Rc1 dxc4 8.
Bxc4 c5 9. O-O a6 10. a4 cxd4 11. exd4 Nb6 12. Bb3 Bd7 13. Ne5 Bc6 14. Nxc6 bxc6
15. Re1 Nbd5 16. Bc4 Qb6 17. Re2 Rfd8 18. Nxd5 cxd5 19. Bd3 g6 20. Be3 Ng4 21.
Rec2 Nxe3 22. fxe3 e5 23. Rc6 Qxb2 24. Rb1 Qa3 25. Ra1 Qb2 26. Rb1 Qa3 27. Ra1
Qb2 1/2-1/2

[Event "2nd Sharjah Masters 2018"]
[Site "Sharjah UAE"]
[Date "2018.04.14"]
[Round "3.26"]
[White "Dimakiling, Oliver"]
[Black "Balasubramaniam, H"]
[Result "1-0"]
[WhiteTitle "IM"]
[WhiteElo "2412"]
[BlackElo "2060"]
[WhiteFideId "5202248"]
[BlackFideId "35053248"]
[EventDate "2018.04.12"]

1. c4 e5 2. g3 g6 3. Bg2 Bg7 4. Nc3 Ne7 5. e3 O-O 6. Nge2 Nbc6 7. d3 d6 8. a3 a5
9. b3 Be6 10. Bb2 Qd7 11. h4 h6 12. Nd5 f5 13. Qd2 Bf7 14. Nec3 Nxd5 15. Nxd5
Rab8 16. O-O b6 17. b4 Nd8 18. f4 c6 19. Nc3 d5 20. cxd5 cxd5 21. Ne2 Qe7 22.
Rac1 Nb7 23. Rc6 Nd8 24. Rc2 axb4 25. axb4 exf4 26. Bxg7 Kxg7 27. Nxf4 Re8 28.
Qc3+ Kh7 29. Bxd5 Qxe3+ 30. Kh2 Qe5 31. d4 Qd6 32. Qc7 Qxc7 33. Rxc7 Kg7 34.
Bxf7 Nxf7 35. d5 g5 36. Ne6+ Kf6 37. g4 Nd6 38. Rc6 Ke5 39. Nc7 Rec8 40. Re1+
Kd4 41. Re6 Rb7 42. Rexd6 Rbxc7 43. gxf5 Rxc6 44. dxc6+ Ke5 45. Rxh6 Kxf5 46. b5
gxh4 47. Rh7 Kg4 48. Rg7+ Kh5 49. Rb7 Ra8 50. Rxb6 Ra2+ 51. Kg1 Ra1+ 52. Kf2
Ra2+ 53. Ke3 Ra8 54. Rb7 Re8+ 55. Kf3 Rf8+ 56. Ke4 1-0

[Event "2nd Sharjah Masters 2018"]
[Site "Sharjah UAE"]
[Date "2018.04.14"]
[Round "3.27"]
[White "Jishitha, D"]
[Black "Arjun, Kalyan"]
[Result "0-1"]
[WhiteTitle "WFM"]
[WhiteElo "2083"]
[BlackElo "2397"]
[WhiteFideId "35031660"]
[BlackFideId "35018701"]
[EventDate "2018.04.12"]

1. c4 Nf6 2. Nc3 g6 3. e4 d6 4. d4 Bg7 5. Be2 O-O 6. Be3 e5 7. d5 Na6 8. g4 Nc5
9. f3 h5 10. g5 Nh7 11. h4 f6 12. gxf6 Bxf6 13. Bf2 Be7 14. Kd2 c6 15. Kc2 Kg7
16. Qe1 cxd5 17. Bxc5 dxc5 18. Nxd5 Nf6 19. Rd1 Nxd5 20. Rxd5 Qb6 21. Qg3 Be6
22. Rd1 Qa6 23. Nh3 Bxc4 24. Bxc4 Qxc4+ 25. Kb1 Rad8 26. Ng5 Bxg5 27. Qxg5 Rxd1+
28. Rxd1 Qe6 29. Rd5 Rxf3 30. Rxc5 Qd6 31. Rd5 Rf1+ 32. Kc2 Qc7+ 33. Kb3 Rc1 34.
Ka3 Rc5 35. Rxc5 Qxc5+ 36. Kb3 b5 0-1

[Event "2nd Sharjah Masters 2018"]
[Site "Sharjah UAE"]
[Date "2018.04.14"]
[Round "3.28"]
[White "Song, Yuxin"]
[Black "Sadhwani, Raunak"]
[Result "0-1"]
[WhiteTitle "WCM"]
[BlackTitle "FM"]
[WhiteElo "2075"]
[BlackElo "2358"]
[WhiteFideId "8614300"]
[BlackFideId "35093487"]
[EventDate "2018.04.12"]

1. e4 c5 2. Nf3 d6 3. Bb5+ Nd7 4. d4 Nf6 5. Nc3 cxd4 6. Qxd4 e5 7. Qd3 h6 8. O-O
Be7 9. Rd1 O-O 10. Bxd7 Bxd7 11. Nd2 Bg4 12. f3 Be6 13. Nc4 Qc7 14. Ne3 Rac8 15.
a4 Rfd8 16. Kh1 a6 17. Bd2 d5 18. Ncxd5 Bxd5 19. exd5 Bc5 20. c3 Bxe3 21. Bxe3
Rxd5 22. Qe2 Rcd8 23. Kg1 Qd7 24. Rxd5 Qxd5 25. Bb6 Rd6 26. c4 Qd2 27. Qxd2 Rxd2
28. Rb1 Rc2 29. b3 e4 30. Bd4 exf3 31. gxf3 Nh5 32. Rb2 Rc1+ 33. Kf2 Nf4 34. Be3
Rxc4 35. Rd2 Rb4 36. Bxf4 Rxf4 37. Rd8+ Kh7 38. Rd7 Rb4 39. Rxf7 Rxb3 40. a5 Kg6
41. Rd7 Kf6 42. Kg3 Rb5 43. h4 h5 44. Rc7 g5 45. Rh7 Kg6 46. Rd7 gxh4+ 47. Kxh4
Rxa5 48. Rxb7 Ra4+ 49. Kh3 Kg5 50. Rh7 a5 51. Kg3 h4+ 52. Kh3 Rb4 53. Rg7+ Kf5
54. Kg2 a4 55. Ra7 Kf4 56. Kf2 Rb2+ 57. Ke1 Ra2 58. Rh7 Kg3 59. f4 h3 60. f5 h2
61. f6 h1=Q+ 62. Rxh1 Ra1+ 63. Ke2 Rxh1 64. f7 Rh8 0-1

[Event "2nd Sharjah Masters 2018"]
[Site "Sharjah UAE"]
[Date "2018.04.14"]
[Round "3.29"]
[White "Soumya, Swaminathan"]
[Black "Gagare, Shalmali"]
[Result "1-0"]
[WhiteTitle "WGM"]
[BlackTitle "WIM"]
[WhiteElo "2354"]
[BlackElo "2039"]
[WhiteFideId "5016193"]
[BlackFideId "5038650"]
[EventDate "2018.04.12"]

1. e4 c5 2. Nf3 Nc6 3. Nc3 Nf6 4. Bb5 a6 5. Bxc6 dxc6 6. h3 g6 7. d3 Qc7 8. Be3
e5 9. Qd2 Nd7 10. a4 a5 11. Bh6 Qd6 12. O-O Bxh6 13. Qxh6 Qf8 14. Qe3 Qg7 15.
Nd2 O-O 16. Nc4 b6 17. Nb1 Ba6 18. Nbd2 f5 19. exf5 gxf5 20. f4 exf4 21. Rxf4
Rae8 22. Qf2 Bxc4 23. Nxc4 b5 24. axb5 cxb5 25. Nd6 Qxb2 26. Rxa5 Qc1+ 27. Kh2
Re2 28. Qg3+ Kh8 29. Rxf5 Re7 30. Rxf8+ Nxf8 31. Nf5 Qd2 32. Nxe7 1-0

[Event "2nd Sharjah Masters 2018"]
[Site "Sharjah UAE"]
[Date "2018.04.14"]
[Round "3.30"]
[White "Mullick, Raahil"]
[Black "Kowsarinia, Amir"]
[Result "1-0"]
[WhiteTitle "CM"]
[BlackTitle "FM"]
[WhiteElo "2053"]
[BlackElo "2316"]
[WhiteFideId "35080350"]
[BlackFideId "12500089"]
[EventDate "2018.04.12"]

1. e4 c5 2. Nf3 e6 3. d4 cxd4 4. Nxd4 a6 5. Bd3 Bc5 6. Nb3 Be7 7. O-O d6 8. Qg4
Bf6 9. Nc3 Nc6 10. Be3 Nge7 11. Rad1 O-O 12. f4 Qc7 13. Rf3 g6 14. Rh3 b5 15.
Rf1 b4 16. Ne2 Rd8 17. Nd2 Rb8 18. b3 d5 19. e5 Bg7 20. Qh4 h6 21. f5 exf5 22.
Bxh6 Bxh6 23. Qxh6 Qxe5 24. Nf3 Qg7 25. Qf4 f6 26. Rg3 Ne5 27. Ned4 Bd7 28. Re1
Nxf3+ 29. Nxf3 Bb5 30. Rxe7 Qxe7 31. Rxg6+ Kf7 32. Qh6 Rg8 33. Ng5+ Ke8 34.
Rxg8+ Kd7 35. Rg7 1-0

[Event "2nd Sharjah Masters 2018"]
[Site "Sharjah UAE"]
[Date "2018.04.14"]
[Round "3.31"]
[White "Pranav, V"]
[Black "Bharath, Subramaniyam H"]
[Result "0-1"]
[BlackTitle "CM"]
[WhiteElo "2366"]
[BlackElo "1997"]
[WhiteFideId "25060783"]
[BlackFideId "46634827"]
[EventDate "2018.04.12"]

1. Nf3 Nf6 2. g3 d5 3. Bg2 Bf5 4. O-O c6 5. d3 h6 6. Nbd2 e6 7. b3 Be7 8. Bb2
O-O 9. Ne5 Nbd7 10. e4 Bh7 11. f4 Nxe5 12. fxe5 Nd7 13. Qe2 Qa5 14. c4 d4 15.
Bxd4 Nxe5 16. Be3 Qc3 17. d4 Ng4 18. Bf4 Qxd4+ 19. Kh1 e5 20. Qxg4 exf4 21. Nf3
Qf6 22. Rae1 Bb4 23. Re2 fxg3 24. Qxg3 Rae8 25. e5 Qg6 26. Qf4 Qh5 27. Rg1 Qf5
28. Qg3 Bc5 29. Rf1 Qg6 30. Qe1 Qd3 31. Ng1 Rd8 32. Nh3 Bb4 33. Qf2 Qd4 34. Qg3
Bd3 35. Rd1 Bxe2 36. Rxd4 Rxd4 37. Nf2 Bh5 38. Bf3 Bg6 39. e6 Bd6 40. Qh3 Rf4
41. Qg3 Kh7 42. Nh3 Rd4 43. Qg1 Rd3 44. Qg4 fxe6 45. Be4 Rd1+ 46. Ng1 Bxe4+ 47.
Qxe4+ Kh8 48. Kg2 Rd2+ 49. Ne2 Bc5 50. Kh3 Rf6 51. Nf4 Bd6 52. Ng6+ Kg8 53. Ne5
Bxe5 54. Qxe5 Kh7 55. Qe4+ Rg6 56. a4 Rg2 57. b4 Rg5 58. Qe2 Rf5 59. c5 a6 60.
Qd1 e5 61. Qe2 e4 62. Qd1 e3 63. Qe2 Re5 64. Kh4 Re4+ 65. Kh3 Kh8 66. Qf3 Re5
67. Qe2 Rf6 68. Qb2 Rff5 69. Qe2 Rf2 70. Qe1 e2 71. b5 Rf1 72. bxa6 Rxe1 73. a7
Re8 74. Kg4 Rg1+ 75. Kh5 Re5+ 76. Kh4 e1=Q+ 77. Kh3 Rh5# 0-1